000
00326nam a22001337a 4500
008
181015b xxu||||| |||| 00| 0 eng d
020
_a
9780495382300
041
_a
eng
080
_2
12th
_a
510
100
_a
38
101
_a
MAT
245
_a
Algebra and Trigonometry with Analytic Geometry
_c
Swokowski,E.W
942
_2
udc
_c
BK
999
_c
49673
_d
49673